[Event "Belgrade Premier League"]
[Site "Belgrade"]
[Date "2021.10.12"]
[Round "11.3"]
[White "Tosic, Srecko"]
[Black "Djordjevic, Danilo"]
[Result "1-0"]
[WhiteElo "2327"]
[BlackElo "2089"]
[PlyCount "89"]
[EventDate "2021.10.01"]
[EventType "team-tourn"]
[EventRounds "11"]
[EventCountry "SRB"]
[SourceTitle "CBM 204 Extra"]
[Source "ChessBase"]
[SourceDate "2021.11.30"]
[SourceVersion "1"]
[SourceVersionDate "2021.11.30"]
[SourceQuality "1"]
[WhiteTeam "Belgrade Bogoslov"]
[BlackTeam "Belgrade Partizan"]
[WhiteTeamCountry "SRB"]
[BlackTeamCountry "SRB"]

1. e4 d5 2. exd5 Nf6 3. d4 Bg4 4. Nf3 Nxd5 5. c4 Nb6 6. c5 Nd5 7. Qb3 Bc8 8. Nc3 e6 9. Bc4 c6 10. 0-0 Be7 11. Be3 Nd7 12. Rad1 f5 13. Rfe1 0-0 14. Bc1 h6 15. Re2 Rf6 16. Rde1 Bf8 17. a3 b6 18. cxb6 N7xb6 19. Na4 Nxa4 20. Qxa4 Nb6 21. Qa5 Qd6 22. Ba2 Nd5 23. Rc2 Be7 24. Qa4 Bb7 25. b4 a6 26. Qb3 Bd8 27. Bb2 Bc7 28. Ne5 Rc8 29. Rec1 Bb8 30. Qd3 Rff8 31. Bc4 Nf4 32. Qf1 a5 33. g3 axb4 34. gxf4 bxa3 35. Ba1 Kh7 36. Ba6 Ba8 37. Bxc8 c5 38. Rxc5 Rf6 39. Qa6 Qd8 40. Qxa8 Bxe5 41. dxe5 Rg6+ 42. Kh1 h5 43. Qf3 Qd2 44. Rd1 Qb4 45. Rcc1 1-0

[Event "Belgrade Premier League"]
[Site "Belgrade"]
[Date "2021.10.06"]
[Round "5.6"]
[White "Tasev, Dejan"]
[Black "Djordjevic, Danilo"]
[Result "1-0"]
[WhiteElo "2305"]
[BlackElo "2089"]
[PlyCount "145"]
[EventDate "2021.10.01"]
[EventType "team-tourn"]
[EventRounds "11"]
[EventCountry "SRB"]
[SourceTitle "CBM 204 Extra"]
[Source "ChessBase"]
[SourceDate "2021.11.30"]
[SourceVersion "1"]
[SourceVersionDate "2021.11.30"]
[SourceQuality "1"]
[WhiteTeam "Belgrade Turbina"]
[BlackTeam "Belgrade Partizan"]
[WhiteTeamCountry "SRB"]
[BlackTeamCountry "SRB"]

1. e4 e5 2. Nf3 Nc6 3. Bc4 Bc5 4. d3 Nf6 5. Nc3 h6 6. h3 d6 7. Be3 Bxe3 8. fxe3 Na5 9. Bb3 Nxb3 10. axb3 0-0 11. 0-0 Re8 12. Qe1 c6 13. Nh4 g6 14. Rf3 Nh7 15. Qg3 Ng5 16. Rf2 Kg7 17. Raf1 f6 18. Nb1 Rf8 19. Nd2 Qe8 20. Nhf3 Nxf3+ 21. Nxf3 g5 22. d4 Bd7 23. c4 Qg6 24. c5 exd4 25. exd4 dxc5 26. Qc7 Rfd8 27. e5 f5 28. e6 Qxe6 29. Re1 Rac8 30. Qxb7 Qd6 31. dxc5 Qc7 32. Qb4 Re8 33. Qd4+ Kh7 34. Rfe2 Rxe2 35. Rxe2 Re8 36. Rxe8 Bxe8 37. Ne5 Qg7 38. b4 h5 39. Qd6 h4 40. Qe6 Qf8 41. Nf3 g4 42. hxg4 fxg4 43. Qxg4 Qf6 44. Nxh4 Qxb2 45. Qe4+ Kg7 46. Qe7+ Bf7 47. Qg5+ Kf8 48. Nf5 Qa1+ 49. Kh2 Qe5+ 50. Kh3 Be6 51. g4 Qh8+ 52. Kg3 Qe5+ 53. Qf4 Qe1+ 54. Kh2 Bxf5 55. Qxf5+ Kg7 56. Qd7+ Kg8 57. Qd4 Qe2+ 58. Kg3 Qe1+ 59. Kf4 Qc1+ 60. Ke5 Qg5+ 61. Ke6 Qg6+ 62. Kd7 Kh7 63. Kc7 Kg8 64. Qd8+ Kf7 65. Qd7+ Kg8 66. Qxc6 Qg7+ 67. Kb8 Qd4 68. b5 Qf4+ 69. Kxa7 Qxg4 70. b6 Qb4 71. Qd5+ Kf8 72. c6 Qa3+ 73. Kb7 1-0

[Event "Belgrade Premier League"]
[Site "Belgrade"]
[Date "2021.10.04"]
[Round "4.1"]
[White "Djordjevic, Danilo"]
[Black "Pucarevic, Milenko"]
[Result "1-0"]
[WhiteElo "2089"]
[BlackElo "2160"]
[PlyCount "73"]
[EventDate "2021.10.01"]
[EventType "team-tourn"]
[EventRounds "11"]
[EventCountry "SRB"]
[SourceTitle "CBM 204 Extra"]
[Source "ChessBase"]
[SourceDate "2021.11.30"]
[SourceVersion "1"]
[SourceVersionDate "2021.11.30"]
[SourceQuality "1"]
[WhiteTeam "Belgrade Partizan"]
[BlackTeam "Romanticari"]
[WhiteTeamCountry "SRB"]
[BlackTeamCountry "SRB"]

1. e4 c5 2. c3 g6 3. d4 Bg7 4. dxc5 Na6 5. Bxa6 bxa6 6. Be3 Bb7 7. Nd2 Nf6 8. Bd4 0-0 9. f3 Bc6 10. Ne2 Rb8 11. b4 a5 12. a3 a4 13. Nc4 Bb5 14. Nb2 d5 15. cxd6 exd6 16. c4 Bc6 17. b5 Ba8 18. Nxa4 h5 19. 0-0 h4 20. h3 Bh6 21. Nac3 Nh5 22. Qd3 Rb7 23. Nd5 f5 24. Be3 Bg7 25. Nd4 Qe8 26. Rae1 Ng3 27. Rf2 fxe4 28. fxe4 Rbf7 29. Rxf7 Rxf7 30. Bf2 Bxd5 31. exd5 Qxe1+ 32. Bxe1 Bxd4+ 33. Kh2 Nf5 34. g4 Be5+ 35. Kg2 Bg3 36. Bxg3 Nxg3 37. Qxg6+ 1-0

[Event "Belgrade Premier League"]
[Site "Belgrade"]
[Date "2021.10.02"]
[Round "2.2"]
[White "Mikicic, Dusan"]
[Black "Djordjevic, Danilo"]
[Result "0-1"]
[WhiteElo "2043"]
[BlackElo "2089"]
[PlyCount "74"]
[EventDate "2021.10.01"]
[EventType "team-tourn"]
[EventRounds "11"]
[EventCountry "SRB"]
[SourceTitle "CBM 204 Extra"]
[Source "ChessBase"]
[SourceDate "2021.11.30"]
[SourceVersion "1"]
[SourceVersionDate "2021.11.30"]
[SourceQuality "1"]
[WhiteTeam "Belgrade Tehnicka Skola"]
[BlackTeam "Belgrade Partizan"]
[WhiteTeamCountry "SRB"]
[BlackTeamCountry "SRB"]

1. e4 d5 2. exd5 Nf6 3. Bb5+ Bd7 4. Bc4 Bg4 5. f3 Bc8 6. Nc3 Nbd7 7. Nge2 Nb6 8. Bb3 Nbxd5 9. Nxd5 Nxd5 10. d4 Bf5 11. 0-0 e6 12. Ng3 Bg6 13. c4 Nb6 14. Be3 Be7 15. Qe2 0-0 16. Rad1 c6 17. f4 Re8 18. Qf3 f5 19. Ne2 a5 20. a4 Bb4 21. Nc1 Qh4 22. Bf2 Qh6 23. Rd3 Bh5 24. Qe3 Nd7 25. Na2 Bd6 26. Bg3 Nf6 27. Nc3 Ng4 28. Qd2 Bb4 29. Re1 c5 30. d5 exd5 31. cxd5 Rxe1+ 32. Qxe1 Bf7 33. h3 Re8 34. Qd2 Nf6 35. Qd1 Ne4 36. d6 c4 37. d7 Rd8 0-1

[Event "SRB-chT2 East"]
[Site "Serbia"]
[Date "2017.10.06"]
[Round "8.1"]
[White "Ilic, Aleksandar"]
[Black "Djordjevic, Danilo"]
[Result "1-0"]
[WhiteElo "2072"]
[BlackElo "2125"]
[PlyCount "30"]
[EventDate "2017.09.08"]
[EventType "team-tourn"]
[EventRounds "11"]
[EventCountry "SRB"]
[SourceTitle "EXT 2022"]
[Source "ChessBase"]
[SourceDate "2021.10.06"]
[SourceVersion "1"]
[SourceVersionDate "2021.10.06"]
[SourceQuality "1"]

1. e4 d5 2. exd5 Nf6 3. d4 Bg4 4. f3 Bf5 5. c4 e6 6. Qb3 exd5 7. Qxb7 Nbd7 8. c5 Be7 9. Nc3 0-0 10. Nb5 Rb8 11. Qxa7 Re8 12. Kf2 Ne4+ 13. fxe4 Bxe4 14. Qxc7 Bf8 15. Nh3 g6 1-0

[Event "SRB-chT2 East"]
[Site "Serbia"]
[Date "2017.09.10"]
[Round "5.3"]
[White "Djordjevic, Danilo"]
[Black "Stankovic, Darko"]
[Result "1-0"]
[WhiteElo "2125"]
[BlackElo "1912"]
[PlyCount "51"]
[EventDate "2017.09.08"]
[EventType "team-tourn"]
[EventRounds "11"]
[EventCountry "SRB"]
[SourceTitle "EXT 2022"]
[Source "ChessBase"]
[SourceDate "2021.10.06"]
[SourceVersion "1"]
[SourceVersionDate "2021.10.06"]
[SourceQuality "1"]

1. d4 c5 2. d5 e5 3. e4 d6 4. f4 Nd7 5. Nf3 Qe7 6. fxe5 Nxe5 7. Bb5+ Bd7 8. Bxd7+ Nxd7 9. 0-0 Ngf6 10. Nc3 a6 11. Bf4 Nh5 12. Bg5 f6 13. Be3 g6 14. g4 Ng7 15. Bh6 Ne5 16. Nxe5 Qxe5 17. Qf3 Kf7 18. Bf4 Qd4+ 19. Be3 Qe5 20. Bf4 Qd4+ 21. Kh1 Ne8 22. Rad1 Qb4 23. e5 dxe5 24. Bxe5 Qb6 25. d6 Bg7 26. d7 1-0

[Event "SRB-chT2 East"]
[Site "Serbia"]
[Date "2017.09.08"]
[Round "1.1"]
[White "Djordjevic, Lazar"]
[Black "Djordjevic, Danilo"]
[Result "0-1"]
[WhiteElo "1833"]
[BlackElo "2125"]
[PlyCount "96"]
[EventDate "2017.09.08"]
[EventType "team-tourn"]
[EventRounds "11"]
[EventCountry "SRB"]
[SourceTitle "EXT 2022"]
[Source "ChessBase"]
[SourceDate "2021.10.06"]
[SourceVersion "1"]
[SourceVersionDate "2021.10.06"]
[SourceQuality "1"]

1. e4 d5 2. exd5 Nf6 3. d4 Bg4 4. Nf3 Qxd5 5. Be2 e6 6. 0-0 Nc6 7. c3 0-0-0 8. Nbd2 Be7 9. Ne5 Nxe5 10. dxe5 Ne4 11. Bxg4 Nxd2 12. Bxd2 Qxd2 13. Qf3 Rdf8 14. Rfd1 Qg5 15. Qe4 Rd8 16. Bf3 c6 17. b4 Rxd1+ 18. Rxd1 Rd8 19. g3 Rxd1+ 20. Bxd1 Qd2 21. Qf3 f5 22. exf6 Bxf6 23. Bb3 Qxc3 24. Bxe6+ Kc7 25. Qf4+ Qe5 26. Qc4 b5 27. Qg4 h5 28. Qf5 Qe1+ 29. Kg2 Qxb4 30. Bf7 h4 31. Be8 Kb6 32. Qc8 Qd6 33. Bh5 Qd8 34. Qxd8+ Bxd8 35. Kf3 hxg3 36. hxg3 c5 37. Ke4 Ka5 38. Kd3 Kb4 39. Kc2 c4 40. Be8 Kc5 41. Bd7 a5 42. g4 g5 43. f3 Bf6 44. Kd2 a4 45. Kc2 a3 46. Kb1 b4 47. Be6 Kd4 48. Bf7 Kc3 0-1

[Event "SRB-chT2 East CS"]
[Site "Kragujevac"]
[Date "2016.10.08"]
[Round "10.3"]
[White "Jankovic, Milan"]
[Black "Djordjevic, Danilo"]
[Result "0-1"]
[WhiteElo "1668"]
[BlackElo "2139"]
[PlyCount "94"]
[EventDate "2016.08.26"]
[EventType "team-tourn"]
[EventRounds "11"]
[EventCountry "SRB"]
[SourceTitle "EXT 2021"]
[Source "ChessBase"]
[SourceDate "2020.10.23"]
[SourceVersion "1"]
[SourceVersionDate "2020.10.23"]
[SourceQuality "1"]

1. d4 Nf6 2. c4 e6 3. Nc3 Bb4 4. Nf3 0-0 5. Bg5 h6 6. Bh4 d5 7. e3 Nbd7 8. Bd3 c5 9. 0-0 cxd4 10. Nxd4 dxc4 11. Bxc4 Ne5 12. Bb3 Ng6 13. Bg3 a6 14. Rc1 e5 15. Nf3 Qe7 16. Nd5 Nxd5 17. Bxd5 h5 18. h4 Bg4 19. Qb3 Ra7 20. Rc4 Ba5 21. Ng5 Be2 22. Bxf7+ Rxf7 23. Rc8+ Nf8 24. Rfc1 Bg4 25. R8c5 Bd8 26. Rxe5 Qf6 27. f3 Bd7 28. Rd1 b5 29. Ne4 Qg6 30. Rd6 Bf6 31. Nxf6+ gxf6 32. Rg5 fxg5 33. Rxg6+ Nxg6 34. hxg5 h4 35. Bf2 Rc7 36. e4 Rc1+ 37. Kh2 Rc4 38. Qa3 h3 39. Qxa6 Kg7 40. Qd6 Rc2 41. Qd4+ Kh7 42. gxh3 Nh4 43. Qe3 Rxf3 44. g6+ Kxg6 45. Qb6+ Kh7 46. Kg1 Rc1+ 47. Kh2 Rxh3# 0-1

[Event "SRB-chT2 East CS"]
[Site "Kragujevac"]
[Date "2016.10.07"]
[Round "7.6"]
[White "Djordjevic, Danilo"]
[Black "Dubravcic, Nikola"]
[Result "0-1"]
[WhiteElo "2139"]
[BlackElo "1823"]
[PlyCount "96"]
[EventDate "2016.08.26"]
[EventType "team-tourn"]
[EventRounds "11"]
[EventCountry "SRB"]
[SourceTitle "EXT 2021"]
[Source "ChessBase"]
[SourceDate "2020.10.23"]
[SourceVersion "1"]
[SourceVersionDate "2020.10.23"]
[SourceQuality "1"]

1. e4 d6 2. d4 Nf6 3. Nc3 e5 4. Nf3 Nbd7 5. Bg5 Be7 6. Qd2 c6 7. h3 Qc7 8. Be2 0-0 9. a4 Re8 10. 0-0 Bf8 11. Rfe1 b6 12. Bc4 h6 13. Be3 Bb7 14. Nh4 exd4 15. Bxd4 Ne5 16. Bf1 Rad8 17. f4 Ned7 18. Bd3 c5 19. Bxf6 Nxf6 20. b3 a6 21. Re2 d5 22. e5 d4 23. Ne4 Nd5 24. Nf5 Re6 25. Bc4 Rg6 26. Bd3 Qc6 27. Nh4 Re6 28. Nf3 Ne3 29. Rxe3 dxe3 30. Qxe3 b5 31. f5 Ree8 32. c4 Rxd3 33. Nf6+ gxf6 34. Qxd3 fxe5 35. Nh4 Be7 36. Qg3+ Kh7 37. f6 Bxf6 38. Rf1 Rg8 39. Qd3+ e4 40. Qd2 Bxh4 41. Rxf7+ Rg7 42. Rf8 Qg6 43. g4 Qg5 44. Qe2 e3 45. Re8 Bf2+ 46. Kf1 Qg6 47. Rd8 Qe4 48. Qb2 Qg2+ 0-1

[Event "Nis Pantelej op 2nd"]
[Site "Nis"]
[Date "2014.08.06"]
[Round "5"]
[White "Djordjevic, Danilo"]
[Black "Ivanovic, Veljko"]
[Result "1-0"]
[WhiteElo "2118"]
[BlackElo "1807"]
[PlyCount "93"]
[EventDate "2014.08.03"]
[EventType "swiss"]
[EventRounds "9"]
[EventCountry "SRB"]
[SourceTitle "CBM 162 Extra"]
[Source "ChessBase"]
[SourceDate "2014.10.17"]
[SourceVersion "1"]
[SourceVersionDate "2014.10.17"]
[SourceQuality "1"]

1. d4 Nf6 2. Nf3 e6 3. e3 d5 4. c4 c6 5. Nbd2 Bd6 6. b3 Nbd7 7. Bb2 Qe7 8. Ne5 Ba3 9. Bxa3 Qxa3 10. Nxd7 Nxd7 11. cxd5 exd5 12. Bd3 0-0 13. 0-0 Nf6 14. Qc2 h6 15. Nf3 Qe7 16. Rae1 Be6 17. Ne5 Nd7 18. f4 Nxe5 19. dxe5 Bd7 20. e4 Rac8 21. Rf3 f6 22. exf6 Qxf6 23. e5 Qe7 24. f5 c5 25. Qc1 Qg5 26. Qb1 Rce8 27. Rg3 Qe7 28. Ree3 Kh8 29. f6 gxf6 30. Rg6 Qh7 31. Rxf6 Qg7 32. Rg3 Bg4 33. h3 Rxe5 34. Rxf8+ Qxf8 35. Rxg4 Rg5 36. Rxg5 hxg5 37. Qd1 Qf7 38. Qf3 Kg7 39. Qxf7+ Kxf7 40. Kf2 a6 41. a4 Kf6 42. Kf3 Ke5 43. Kg4 Kd4 44. Bf5 c4 45. bxc4 dxc4 46. Kxg5 b5 47. axb5 1-0

[Event "Nis Pantelej op 2nd"]
[Site "Nis"]
[Date "2014.08.06"]
[Round "6"]
[White "Todorovic, Nenad I"]
[Black "Djordjevic, Danilo"]
[Result "0-1"]
[WhiteElo "2146"]
[BlackElo "2118"]
[PlyCount "72"]
[EventDate "2014.08.03"]
[EventType "swiss"]
[EventRounds "9"]
[EventCountry "SRB"]
[SourceTitle "CBM 162 Extra"]
[Source "ChessBase"]
[SourceDate "2014.10.17"]
[SourceVersion "1"]
[SourceVersionDate "2014.10.17"]
[SourceQuality "1"]

1. e4 e5 2. Nf3 Nc6 3. Bb5 a6 4. Ba4 Nf6 5. d3 Bc5 6. c3 b5 7. Bb3 d6 8. Bg5 0-0 9. 0-0 Bg4 10. Bd5 Qd7 11. Bxf6 gxf6 12. Nbd2 Kh8 13. Re1 Rg8 14. Nf1 Rg7 15. Ng3 Rag8 16. Bxc6 Qxc6 17. Kf1 Qd7 18. d4 Bb6 19. h3 Be6 20. b3 b4 21. cxb4 exd4 22. Nxd4 Bxh3 23. Qd3 h5 24. gxh3 Qxh3+ 25. Ke2 Rxg3 26. fxg3 Rxg3 27. Nf3 Qg2+ 28. Kd1 Rxf3 29. Qe2 Qg4 30. Rc1 Bf2 31. Kc2 Bxe1 32. Rxe1 Qg3 33. Kb1 h4 34. Rh1 h3 35. Qxa6 Qg2 36. Qa8+ Kg7 0-1

[Event "Nis Pantelej op 2nd"]
[Site "Nis"]
[Date "2014.08.03"]
[Round "1"]
[White "Djordjevic, Danilo"]
[Black "Nikolic, Miljana"]
[Result "1-0"]
[WhiteElo "2118"]
[BlackElo "1681"]
[PlyCount "49"]
[EventDate "2014.08.03"]
[EventType "swiss"]
[EventRounds "9"]
[EventCountry "SRB"]
[SourceTitle "CBM 162 Extra"]
[Source "ChessBase"]
[SourceDate "2014.10.17"]
[SourceVersion "1"]
[SourceVersionDate "2014.10.17"]
[SourceQuality "1"]

1. e4 c5 2. c3 d6 3. d4 Nc6 4. d5 Ne5 5. f4 Nd7 6. Nf3 g6 7. e5 dxe5 8. fxe5 Nb6 9. c4 Bg7 10. Bd3 Nh6 11. Bxh6 Bxh6 12. 0-0 0-0 13. Nc3 f5 14. e6 Rb8 15. a4 Na8 16. Ne5 Be3+ 17. Kh1 Qa5 18. Nf7 Bd4 19. Qd2 Nc7 20. Rf3 Ne8 21. Rh3 Bg7 22. Rf1 Qc7 23. Nb5 Qe5 24. Nxe5 Bxe5 25. Qh6 1-0

[Event "SRB Central-ch op-B 7th"]
[Site "Paracin"]
[Date "2014.07.10"]
[Round "8"]
[White "Djordjevic, Danilo"]
[Black "Farkas, Sandor I"]
[Result "1-0"]
[WhiteElo "2080"]
[BlackElo "1901"]
[PlyCount "55"]
[EventDate "2014.07.04"]
[EventType "swiss"]
[EventRounds "9"]
[EventCountry "SRB"]
[SourceTitle "CBM 161 Extra"]
[Source "ChessBase"]
[SourceDate "2014.08.29"]
[SourceVersion "1"]
[SourceVersionDate "2014.08.29"]
[SourceQuality "1"]

1. e4 d6 2. d4 Nf6 3. Nc3 Nbd7 4. f4 e5 5. Nf3 c6 6. fxe5 dxe5 7. dxe5 Ng4 8. e6 fxe6 9. Ng5 Nde5 10. Qxd8+ Kxd8 11. h3 Nh6 12. Bf4 Bd6 13. 0-0-0 Ke7 14. Rxd6 Kxd6 15. Be2 Ke7 16. Bxe5 Nf7 17. Nxf7 Kxf7 18. Rf1+ Kg6 19. Rf3 Rg8 20. h4 h6 21. h5+ Kh7 22. Rf7 b5 23. Bf1 a5 24. Ne2 c5 25. Rc7 c4 26. Nf4 Ra6 27. Ng6 Rb6 28. Ne7 1-0

[Event "SRB Central-ch op-B 7th"]
[Site "Paracin"]
[Date "2014.07.08"]
[Round "6"]
[White "Djordjevic, Danilo"]
[Black "Konstantinov, Aleksandar1111"]
[Result "1-0"]
[WhiteElo "2080"]
[BlackElo "1818"]
[PlyCount "47"]
[EventDate "2014.07.04"]
[EventType "swiss"]
[EventRounds "9"]
[EventCountry "SRB"]
[SourceTitle "CBM 161 Extra"]
[Source "ChessBase"]
[SourceDate "2014.08.29"]
[SourceVersion "1"]
[SourceVersionDate "2014.08.29"]
[SourceQuality "1"]

1. d4 Nf6 2. c4 c5 3. d5 b5 4. cxb5 a6 5. bxa6 g6 6. Nc3 Bxa6 7. e4 Bxf1 8. Kxf1 d6 9. g3 Bg7 10. Kg2 0-0 11. Nf3 Nbd7 12. Re1 Qa5 13. e5 Ng4 14. exd6 exd6 15. Bf4 Nge5 16. Ne4 Nxf3 17. Qxf3 Bxb2 18. Rab1 Be5 19. Nxd6 Bxf4 20. Qxf4 Qxa2 21. Rbd1 Nb6 22. Nf5 Rae8 23. Rxe8 Rxe8 24. Nh6+ 1-0

[Event "Belgrade-ch"]
[Site "Belgrade"]
[Date "2014.01.27"]
[Round "5"]
[White "Martic, Ivan"]
[Black "Djordjevic, Danilo"]
[Result "1-0"]
[WhiteElo "2386"]
[BlackElo "2014"]
[PlyCount "75"]
[EventDate "2014.01.23"]
[EventType "swiss"]
[EventRounds "9"]
[EventCountry "SRB"]
[SourceTitle "CBM 158 Extra"]
[Source "ChessBase"]
[SourceDate "2014.02.28"]
[SourceVersion "1"]
[SourceVersionDate "2014.02.28"]
[SourceQuality "1"]

1. e4 e5 2. Nf3 Nc6 3. Bc4 Bc5 4. 0-0 Nf6 5. d4 Bxd4 6. Nxd4 Nxd4 7. Bg5 h6 8. Bh4 d6 9. f4 Be6 10. Na3 Qe7 11. fxe5 dxe5 12. Bxf6 gxf6 13. c3 Bxc4 14. Nxc4 Ne6 15. b4 Rg8 16. Kh1 Rg6 17. Ne3 c6 18. Nf5 Qd7 19. Qf3 Ng5 20. Qe2 Rd8 21. Rad1 Qc7 22. Rxd8+ Qxd8 23. Rd1 Qc7 24. Qe3 Qb6 25. Qd3 Qc7 26. b5 Ne6 27. Qc4 Ng7 28. Nd6+ Kf8 29. Nxb7 Qxb7 30. bxc6 Qb2 31. Rd8+ Ne8 32. g3 Qb1+ 33. Kg2 Qc2+ 34. Kh3 Kg7 35. Rd7 h5 36. Qxf7+ Kh6 37. Qxe8 Qe2 38. Rd2 1-0

[Event "SRB-chT2 South"]
[Site "Nis"]
[Date "2013.10.19"]
[Round "4.4"]
[White "Todorovic, Nenad I"]
[Black "Djordjevic, Danilo"]
[Result "1-0"]
[WhiteElo "2149"]
[BlackElo "2007"]
[PlyCount "57"]
[EventDate "2013.10.17"]
[EventType "team-swiss"]
[EventRounds "8"]
[EventCountry "SRB"]
[SourceTitle "EXT 2014"]
[Source "ChessBase"]
[SourceDate "2013.11.20"]
[SourceVersion "1"]
[SourceVersionDate "2013.11.20"]
[SourceQuality "1"]

1. e4 e5 2. Nf3 Nc6 3. Nc3 Nf6 4. Bb5 Nd4 5. Ba4 Nxf3+ 6. Qxf3 c6 7. 0-0 d6 8. d3 Be7 9. Nd5 Nxd5 10. exd5 b5 11. dxc6 bxa4 12. c7 Qxc7 13. Qxa8 0-0 14. Be3 Bb7 15. Qxa7 Qc6 16. f3 Bd8 17. b4 f5 18. b5 Qd7 19. c4 f4 20. Bb6 Be7 21. Qxa4 g5 22. Qc2 g4 23. Qe2 gxf3 24. gxf3 Kf7 25. Rf2 Rg8+ 26. Rg2 Bg5 27. a4 Qh3 28. Rf1 Rg6 29. a5 1-0

[Event "Sentjur Ipavec Memorial 13th"]
[Site "Sentjur"]
[Date "2013.09.18"]
[Round "9"]
[White "Titan, Matej"]
[Black "Djordjevic, Danilo"]
[Result "1/2-1/2"]
[WhiteElo "2146"]
[BlackElo "1964"]
[PlyCount "37"]
[EventDate "2013.09.11"]
[EventType "swiss"]
[EventRounds "9"]
[EventCountry "SLO"]
[SourceTitle "EXT 2015"]
[Source "ChessBase"]
[SourceDate "2014.11.20"]
[SourceVersion "1"]
[SourceVersionDate "2014.11.20"]
[SourceQuality "1"]

1. c4 c6 2. Nf3 d5 3. d4 Nf6 4. e3 Bg4 5. Nc3 e6 6. h3 Bxf3 7. Qxf3 Nbd7 8. Bd2 Be7 9. Bd3 0-0 10. cxd5 exd5 11. g4 g6 12. h4 Re8 13. h5 Bb4 14. hxg6 fxg6 15. 0-0-0 Bxc3 16. Bxc3 Nf8 17. Bb4 a5 18. Bc5 b6 19. Ba3 1/2-1/2

[Event "SRB-ch U18"]
[Site "Vrnjacka Banja"]
[Date "2013.05.06"]
[Round "9"]
[White "Djordjevic, Danilo"]
[Black "Kostic, Tomislav"]
[Result "1-0"]
[WhiteElo "1974"]
[BlackElo "1941"]
[PlyCount "109"]
[EventDate "2013.04.30"]
[EventType "swiss"]
[EventRounds "9"]
[EventCountry "SRB"]
[SourceTitle "CBM 154 Extra"]
[Source "ChessBase"]
[SourceDate "2013.06.25"]
[SourceVersion "2"]
[SourceVersionDate "2013.06.25"]
[SourceQuality "1"]

1. e4 c5 2. c3 d5 3. exd5 Qxd5 4. d4 Nf6 5. Nf3 Bg4 6. dxc5 Qxc5 7. Be3 Qc7 8. h3 Bd7 9. Na3 a6 10. Nc4 Nc6 11. Bb6 Qb8 12. Qb3 Nd5 13. 0-0-0 Be6 14. g3 g6 15. Kb1 Bg7 16. Ng5 Bf5+ 17. Bd3 Bxd3+ 18. Rxd3 e6 19. Bc5 Bf8 20. Qa3 b5 21. Nd6+ Bxd6 22. Bxd6 b4 23. Bxb4 Ncxb4 24. cxb4 0-0 25. Ne4 Rc8 26. Rc1 Qb6 27. Rxc8+ Rxc8 28. Qa5 Qc6 29. Nc5 Nc7 30. Qa4 Qh1+ 31. Qd1 Qc6 32. Rd8+ Rxd8 33. Qxd8+ Kg7 34. Qd7 Qf3 35. Qd4+ Kg8 36. a3 Nd5 37. Nxa6 e5 38. Qxe5 Qd3+ 39. Ka1 Qf1+ 40. Ka2 Qc4+ 41. Kb1 Qd3+ 42. Kc1 f6 43. Qe6+ Kg7 44. Nc5 Qf1+ 45. Kc2 Qxf2+ 46. Kb3 Qxg3+ 47. Ka2 Qf3 48. Qe4 Qd1 49. b5 Qd2 50. Qd3 Qg2 51. Ne4 Nf4 52. Qd7+ Kh6 53. Nxf6 Qc2 54. Ng8+ Kh5 55. Qg4# 1-0

[Event "SRB-ch U18"]
[Site "Vrnjacka Banja"]
[Date "2013.05.04"]
[Round "7"]
[White "Djordjevic, Danilo"]
[Black "Zajic, Milun"]
[Result "1-0"]
[WhiteElo "1974"]
[BlackElo "1913"]
[PlyCount "75"]
[EventDate "2013.04.30"]
[EventType "swiss"]
[EventRounds "9"]
[EventCountry "SRB"]
[SourceTitle "CBM 154 Extra"]
[Source "ChessBase"]
[SourceDate "2013.06.25"]
[SourceVersion "2"]
[SourceVersionDate "2013.06.25"]
[SourceQuality "1"]

1. d4 Nf6 2. Nf3 g6 3. h3 Bg7 4. Bf4 d6 5. e3 0-0 6. Be2 Nbd7 7. 0-0 c6 8. c4 Qe8 9. Nc3 b6 10. Bh2 Bb7 11. b4 Rd8 12. Qb3 e5 13. d5 a6 14. dxc6 Bxc6 15. Rfd1 Qe7 16. Rac1 Bb7 17. Rd2 Kh8 18. Rcd1 Ne8 19. Nd5 Qe6 20. Ng5 Qf5 21. h4 Bxd5 22. Rxd5 Nb8 23. e4 Qc8 24. c5 h6 25. Nf3 Nf6 26. Rxd6 Rxd6 27. cxd6 Nxe4 28. Bxe5 f6 29. Bb2 Rd8 30. Qe3 Qb7 31. Bc4 Rxd6 32. Rxd6 Nxd6 33. Bb3 Qc7 34. Bxf6 Kh7 35. Bxg7 Qxg7 36. Qxb6 Qf8 37. Qc7+ Kh8 38. Ne5 1-0

[Event "SRB-ch U18"]
[Site "Vrnjacka Banja"]
[Date "2013.05.04"]
[Round "6"]
[White "Dubravcic, Nikola"]
[Black "Djordjevic, Danilo"]
[Result "0-1"]
[WhiteElo "1674"]
[BlackElo "1974"]
[PlyCount "94"]
[EventDate "2013.04.30"]
[EventType "swiss"]
[EventRounds "9"]
[EventCountry "SRB"]
[SourceTitle "CBM 154 Extra"]
[Source "ChessBase"]
[SourceDate "2013.06.25"]
[SourceVersion "2"]
[SourceVersionDate "2013.06.25"]
[SourceQuality "1"]

1. e4 e5 2. Nf3 Nc6 3. d4 exd4 4. Bc4 h6 5. 0-0 Bc5 6. c3 dxc3 7. Bxf7+ Kxf7 8. Qd5+ Kf8 9. Qxc5+ d6 10. Qxc3 Qf6 11. Re1 Qxc3 12. Nxc3 Bg4 13. Nd5 Bxf3 14. gxf3 Rc8 15. Be3 Ne5 16. Kg2 c6 17. Nf4 c5 18. Red1 g5 19. Nd5 Ne7 20. Nc3 Rc6 21. Nb5 Nc8 22. b3 Ke8 23. Rac1 Rf8 24. Rd5 Nxf3 25. Rcd1 Rf6 26. Kg3 a6 27. Nc3 Ne7 28. R5d3 Ne5 29. R3d2 N5g6 30. a4 Rb6 31. Rb1 Nf4 32. f3 Neg6 33. Nd5 Nxd5 34. Rxd5 Ne7 35. Rdd1 Nc6 36. f4 gxf4+ 37. Bxf4 Nd4 38. Rd2 Re6 39. Kf2 Rxe4 40. Bxh6 Rh4 41. Re1+ Kd7 42. Re7+ Kc6 43. Bg5 Rxh2+ 44. Ke3 Rxd2 45. Kxd2 Nf3+ 46. Ke3 Nxg5 47. Rg7 Ne6 0-1

[Event "SRB-ch U18"]
[Site "Vrnjacka Banja"]
[Date "2013.05.01"]
[Round "2"]
[White "Kumic, Filip"]
[Black "Djordjevic, Danilo"]
[Result "1-0"]
[WhiteElo "2240"]
[BlackElo "1974"]
[PlyCount "101"]
[EventDate "2013.04.30"]
[EventType "swiss"]
[EventRounds "9"]
[EventCountry "SRB"]
[SourceTitle "CBM 154 Extra"]
[Source "ChessBase"]
[SourceDate "2013.06.25"]
[SourceVersion "2"]
[SourceVersionDate "2013.06.25"]
[SourceQuality "1"]

1. d4 Nf6 2. c4 g6 3. Nc3 d5 4. cxd5 Nxd5 5. e4 Nxc3 6. bxc3 Bg7 7. Be3 c5 8. Qd2 Qa5 9. Rb1 a6 10. Rc1 cxd4 11. cxd4 Qxd2+ 12. Kxd2 0-0 13. Bd3 Rd8 14. Ne2 Nc6 15. Rc4 Bd7 16. Rhc1 Rac8 17. h3 b5 18. R4c2 e6 19. g4 Nb4 20. Rxc8 Rxc8 21. Rxc8+ Bxc8 22. Bb1 Nc6 23. e5 Nb4 24. f4 f5 25. exf6 Bxf6 26. Nc3 Bb7 27. a3 Nc6 28. Kd3 Be7 29. Ba2 Nd8 30. Bc1 Bg2 31. h4 Bh3 32. g5 Bf5+ 33. Ke3 Nb7 34. Nd5 Bd8 35. Nb4 a5 36. Nc6 Kf7 37. Nxd8+ Nxd8 38. Bd2 a4 39. Bc3 Bc2 40. Kd2 Be4 41. Bb4 Nc6 42. Kc3 Bd5 43. Bb1 Bc4 44. Be4 Ne7 45. Bxe7 Kxe7 46. Kb4 Kd6 47. Bf3 Bd3 48. Kc3 Bc4 49. h5 Bd5 50. hxg6 hxg6 51. Be2 1-0